John Lennon Quiz - Statistics

General Stats
  • This quiz has been taken 363 times
    351 since last reset
  • The average score is 16 of 22
Answer Stats
Hint Answer % Correct
Year he was born 1940
97%
UK city he grew up in Liverpool
97%
Name of second wife Yoko
96%
Year of death 1980
94%
Name of Son with first wife Julian
94%
Name of son with second wife Sean
93%
American city he moved to New York
92%
Writing partner (most of the time!) with the Beatles Paul McCartney
92%
Name of first wife Cynthia
91%
Who did Lennon say the Beatles were bigger than Jesus
91%
Give peace _ ______ a chance
82%
Name of assassin Mark David Chapman
79%
Nickname of Aunt who raised him Mimi
74%
Make love, __ ___ not war
73%
Building he lived in/got shot at Dakota
71%
Final album released before his death Double Fantasy
68%
Area of central park dedicated to him Strawberry Fields
55%
Name of mistress when separated from Wife number 2 May Pang
54%
Nickname given to his time separated from wife number 2 Lost weekend
51%
Singer he wanted George Martin to make him sound like Elvis Presley
29%
Institute where he and first wife met Liverpool College of Art
15%
His house, and place of the Beatles last photo shoot Tittenhurst Park
15%
No matching quizzes found
Score Distribution
Percent of People with Each Score
Percentile by Number Answered
Your Score History
You have not taken this quiz since the last reset